| 000 | 00000nam##2200000za#4500 |
| 001 | 9.695212 |
| 003 | CaOODSP |
| 005 | 20210624234455 |
| 007 | cr ||||||||||| |
| 008 | 150407|2001||||xxc|||||o f|0| 0 eng|d |
| 040 | |aCaOODSP|beng |
| 043 | |an-cn--- |
| 086 | 1 |aC21-34/1-2001E-PDF |
| 110 | 1 |aCanada. |bIndustry Canada. |
| 245 | 10|aCanada's SchoolNet GrassRoots Program |h[electronic resource] |
| 260 | |bIndustry Canada |cFebruary 26, 2001. |
| 300 | |a32p. |
| 500 | |aIncludes: four Conference Board of Canada reports in the Case Study Series (Case studies 34, 36-38). |
| 590 | |a11-29-Supp|b2011-11-25 |
| 690 | 07|aEducational resources|2gcpds |
| 690 | 07|aEducational technology|2gcpds |
| 690 | 07|aInformation technology|2gcpds |
| 710 | 2 |aConference Board of Canada. |
| 775 | 08|tLe Programme Rescol à la Source |w(CaOODSP)9.639358 |
| 856 | 40|ahttp://publications.gc.ca|qPDF|s2.09 MB|uhttps://publications.gc.ca/collections/Collection/C21-34-1-2001E.pdf |